000 00495nam a22001697a 4500
005 20251119143544.0
008 251119b |||||||| |||| 00| 0 eng d
020 _a13:978-0-495-39147-0
050 _aQD 251.3 M33 2011
100 _aMCMURRY JOHN
245 _aORGANIC CHEMISTRY WITH BIOLOGICAL APPLICATIONS 2e
260 _aAUTRALIA
_bCENGAGE
_c2011
300 _aX,1044
500 _aINCLUDES INDEX AND APPENDIX
650 _aOrganic chemistry problems exercises e.t.c
942 _2lcc
_cBK
999 _c216217
_d216217